Annual review of plant physiolgy. V 17 (Record no. 20712)

MARC details
000 -LEADER
fixed length control field 00706nam a2200265Ia 4500
082 ## - DEWEY DECIMAL CLASSIFICATION NUMBER
Classification number 581.1
Item number ANN.17
245 #0 - TITLE STATEMENT
Title Annual review of plant physiolgy. V 17
260 ## - PUBLICATION, DISTRIBUTION, ETC. (IMPRINT)
Place of publication California
Name of publisher Annual Reviews Inc
Year of publication 1966
650 ## - SUBJECT ADDED ENTRY--TOPICAL TERM
Topical Term Abscission
650 ## - SUBJECT ADDED ENTRY--TOPICAL TERM
Topical Term Algae
650 ## - SUBJECT ADDED ENTRY--TOPICAL TERM
Topical Term Geotropism
650 ## - SUBJECT ADDED ENTRY--TOPICAL TERM
Topical Term Golgi apparatus
650 ## - SUBJECT ADDED ENTRY--TOPICAL TERM
Topical Term Mineral nutrition
650 ## - SUBJECT ADDED ENTRY--TOPICAL TERM
Topical Term Photosynthesis
650 ## - SUBJECT ADDED ENTRY--TOPICAL TERM
Topical Term Plant antitransparent
650 ## - SUBJECT ADDED ENTRY--TOPICAL TERM
Topical Term Plant physiology
650 ## - SUBJECT ADDED ENTRY--TOPICAL TERM
Topical Term Plant virus
650 ## - SUBJECT ADDED ENTRY--TOPICAL TERM
Topical Term Plant water relation
650 ## - SUBJECT ADDED ENTRY--TOPICAL TERM
Topical Term Post harvest physiology
650 ## - SUBJECT ADDED ENTRY--TOPICAL TERM
Topical Term Seed protein
650 ## - SUBJECT ADDED ENTRY--TOPICAL TERM
Topical Term Translocation
700 ## - ADDED ENTRY--PERSONAL NAME
Personal name MACHLIS, Leonard
942 ## - ADDED ENTRY ELEMENTS (KOHA)
Koha item type Books
Holdings
Withdrawn status Lost status Damaged status Not for loan Home library Current library Date acquired Full call number Accession Number Koha item type
        RRII Library RRII Library 16/12/2021 581.1 ANN.17 01435 Books